Deutsche Städte mit J - Statistiken

Allgemein
  • Dieses Quiz wurde 49 mal gespielt
  • Das Durchschnittsergebnis liegt bei 6 aus 11
Antwortstatistiken
Einwohnerzahl Bundesland Regierungsbezirk (Land-)Kreis Amt Stadt % Korrekt
110.791 Thüringen - - - Jena
100%
33.359 Nordrhein-Westfalen Köln Düren - Jülich
81%
6.708 Sachsen-Anhalt - Jerichower Land - Jerrichow
74%
2.914 Mecklenburg-Vorpommern - Vorpommern-Greifswald Jarmen-Tutow Jarmen
67%
14.847 Niedersachsen - Friesland - Jever
67%
3.430 Brandenburg - Barnim Joachimsthal (Schorfheide) Joachimsthal
64%
12.661 Brandenburg - Teltow-Fläming - Jüterbog
45%
24.141 Nordrhein-Westfalen Düsseldorf Rhein-Kreis Neuss - Jüchen
31%
3.783 Sachsen - Erzgebirgskreis - Johanngeorgenstadt
17%
2.495 Sachsen - Erzgebirgskreis - Jöhstadt
10%
13.966 Sachsen-Anhalt - Wittenberg - Jessen (Elster)
5%
Keine übereinstimmenden Quizze gefunden
Verteilung der Resultate
Anzahl Personen mit jedem Resultat
Perzentil nach korrekt beantworteten Fragen
Ihre Resultats-Entwicklung
Sie haben dieses Quiz noch nicht gespielt